000 00543nam a22001937a 4500
003 KOHA_MİRAKIL
005 20240930101016.0
008 240929b2005 tu ||||| |||| 00| 0 tur d
020 _a9756480173
040 _aTR-AnABB
_btur
_cTR-AnABB
041 _atur
082 _a956.1015
_bJOR 2018
100 _aJorga, Nicole.
245 0 _aOsmanlı İmparatorluğu tarihi /
_cNicole Jorga.
260 _aİstanbul :
_bYeditepe Yayınevi,
_c2005.
300 _a414 sayfa ;
_c24 cm.
650 _aTarih, Osmanlı İmparatorluğu
942 _2ddc
_cBK
999 _c2161
_d2161